Music Quiz

Random Music Quiz

Trace Urban Hit Top 30 4 April 2014 Quiz Stats

 Plays Quiz not verified by Sporcle

Challenge
Share
Tweet
Embed
Score 0/30 Timer 08:00
0 Plays Today
Hint Answer % Correct
John LegendAll Of Me
90%
Katy PerryDark Horse
85%
Pharrell WilliamsHappy
85%
LordeTeam
75%
Aloe BlaccThe Man
75%
Shakira feat RihannaCan't Remember To Forget You
70%
Clean Bandit feat Jess GlynneRather Be
70%
Jason Derulo feat 2 ChainzTalk Dirty
70%
Beyonce feat Jay-ZDrunk In Love
70%
Trey SongzNa Na
55%
Chris Brown feat Lil Wayne feat TygaLoyal
50%
Kesha feat PitbullTimber
50%
Sam Smith Money On My Mind
40%
AviciiAddicted To You
40%
Sam SmithStay With Me
40%
Hint Answer % Correct
A Great Big World feat Christina AguileraSay Something
40%
BeyoncePartition
35%
Yg feat Jeezy feat Rich Homie QuanMy Hitta
35%
Jhene AikoThe Worst
30%
TiestoRed Lights
30%
Route 94 feat Jess GlynneMy Love
25%
Lady GagaG.U.Y.
25%
Austin Mahone feat PitbullMmm Yeah
25%
ShakiraEmpire
20%
Yg feat DrakeWho Do You Love
20%
T-Pain feat BoBUp Down
20%
One DirectionMidnight Memories
15%
FoxesLet's Go For Tonight
15%
KarminI Want It All
15%
Katy BCrying For No Reason
10%

You're not logged in!

Compare scores with friends on all Sporcle quizzes.
Join for Free
OR
Log In

You Might Also Like...

Show Comments

Extras

Created Apr 5, 2014ReportNominate
Tags:2014, April, hit, Top 10, trace, urban

Top Quizzes Today


Score Distribution

Your Account Isn't Verified!

In order to create a playlist on Sporcle, you need to verify the email address you used during registration. Go to your Sporcle Settings to finish the process.

Report this User

Report this user for behavior that violates our Community Guidelines.

Details: